| 000 | 01399cam a22003617a 4500 | ||
|---|---|---|---|
| 003 | CHAP | ||
| 005 | 20220329142714.0 | ||
| 008 | 021125d1997 mx ad r 00110 spa d | ||
| 010 | _a86666 | ||
| 011 | _a87638 | ||
| 035 | _a98182 | ||
| 040 | _cCHAP | ||
| 082 | 0 | 4 |
_a333.72 _bI63 |
| 110 | 2 |
_aInstituto Nacional de Ecología. México _959296 |
|
| 245 | 1 | 0 |
_aGestión ambientalmente racional de las sustancias químicas desde la perspectiva de la industria _c/por SEMARNAP. Instituto Nacional de Ecología |
| 260 |
_aMéxico, D.F. : _bSecretaria de Medio Ambiente, Recursos Naturales y Pesca, _c1997 |
||
| 300 |
_a117 p. : _bilus. ; gráfs. ; cuadros ; diagramas |
||
| 590 |
_aBATCH-UPD _b10 _c20130110 _lUCH01 _h1001 |
||
| 590 |
_aBATCH-UPD _b10 _c20130410 _lUCH01 _h0612 |
||
| 590 |
_aBATCH-UPD _b10 _c20130914 _lUCH01 _h1542 |
||
| 590 |
_aCONVERSION _b10 _c20130109 _lUCH01 _h1348 |
||
| 650 | 1 | 4 |
_aGestión medioambiental. _947805 |
| 650 | 1 | 4 |
_aIndustrias químicas. _958034 |
| 650 | 1 | 4 |
_aMedio ambiente _xContaminación. _974069 |
| 650 | 1 | 4 |
_aMedio ambiente _xLeyes. _974098 |
| 650 | 1 | 4 |
_aMedio ambiente _xProtección. _974106 |
| 650 | 1 | 4 |
_aProductos químicos _xLeyes. _992220 |
| 650 | 1 | 4 |
_aProductos químicos _xMedidas de seguridad. _992224 |
| 901 | _aBK | ||
| 905 | _aMarco A. Mendoza T. | ||
| 942 | _cLIBRO | ||
| 949 |
_a333.72 I63 _bBC _cLIBRO _d33724000880506 _eLIBRO _gDonaciØn _h103304 _i98182 _sb |
||
| 999 |
_c86666 _d86666 |
||